000 00698nam a2200193Ia 4500
008 0000001985 fr a 0000000000fre00
090 _aPSP00 F31r
110 1 _aFiac (1985 : París)
245 1 0 _aRasero
_c/ Fiac 1985
300 _a[24] p.
_c/ 28 cm.
500 _aExposición realizada en Philippe Guimiot Art Gallery, 1985 \ Con el patronazgo del maestro venezolano Jesús Rafael Soto (q.e.p.d.)
600 0 0 _aRASERO, MIGUEL, 1955/
_xTRABAJOS PICTORICOS
650 1 4 _aARTE CONTEMPORANEO ESPAÑOL
650 1 4 _xCATALOGOS
650 1 4 _xEXPOSICIONES
650 1 4 _aPINTORES ESPAÑOLES
650 1 4 _aPINTURA ESPAÑOLA
999 _c6815
_d6815
260 _aBruxelles : Galerie Philippe Guimiot
_c1985